Score 0/20 Timer 02:00
0 Plays Today
Movie Title Missing Word % Correct
Alice in ____Wonderland
98.8%
She's Out of My ____League
91.8%
Shutter ____Island
91.4%
How to ____ Your DragonTrain
91.4%
_____ SwanBlack
89.1%
Eat Pray ____Love
88.9%
____ of the TitansClash
81.8%
Love and ____ DrugsOther
77.1%
The ________ NetworkSocial
76.7%
____ at a FuneralDeath
74.1%
Movie Title Missing Word % Correct
The ____ KidKarate
72.3%
Despicable _____Me
70.6%
Iron ______ 2Man
67.4%
Scott ______ vs. the WorldPilgrim
67.1%
____ and DayKnight
63.1%
Prince of Persia: The ____ of TimeSands
59.1%
Date _____Night
53.8%
Dinner for ____Schmucks
53.1%
The _____ SpeechKing's
47.3%
The ____ HunterBounty
34.2%

Today's Daily Dose

Missing Word
Dr Dre Songs (A-Z)

Word Ladder
The King of Pop

Get the Picture
UK Capitals

Remove Ads.
Support Sporcle.
Get the best of Sporcle when you Go Orange. This ad-free experience offers more features, more stats, and more fun while also helping to support Sporcle. Thank you for becoming a member.

You're not logged in!

Compare scores with friends on all Sporcle quizzes.
OR
Log In

Sporcle TV

Today on Sporcle TV


Watch our educational content, quiz creation guides, and fun videos on Sporcle TV.

Show Comments

Extras

Top Quizzes Today


Score Distribution

Paid Content

Your Account Isn't Verified!

In order to create a playlist on Sporcle, you need to verify the email address you used during registration. Go to your Sporcle Settings to finish the process.

Report this User

Report this user for behavior that violates our Community Guidelines.

Details: